<?xml version="1.0" encoding="UTF-8"?>
<record
    xmlns:xsi="http://www.w3.org/2001/XMLSchema-instance"
    xsi:schemaLocation="http://www.loc.gov/MARC21/slim http://www.loc.gov/standards/marcxml/schema/MARC21slim.xsd"
    xmlns="http://www.loc.gov/MARC21/slim">

  <leader>01483cam a22002298i 4500</leader>
  <datafield tag="020" ind1=" " ind2=" ">
    <subfield code="a">9781472583420 (hardback)</subfield>
  </datafield>
  <datafield tag="020" ind1=" " ind2=" ">
    <subfield code="a">9781472583413 (paperback)</subfield>
  </datafield>
  <datafield tag="040" ind1=" " ind2=" ">
    <subfield code="c">DLC</subfield>
  </datafield>
  <datafield tag="082" ind1="0" ind2="0">
    <subfield code="a">822 DEV 1995 C157 Or.</subfield>
  </datafield>
  <datafield tag="245" ind1="0" ind2="0">
    <subfield code="a">1616 :</subfield>
    <subfield code="b">Shakespeare and Tang Xianzu's China /</subfield>
  </datafield>
  <datafield tag="300" ind1=" " ind2=" ">
    <subfield code="a">pages cm</subfield>
  </datafield>
  <datafield tag="520" ind1=" " ind2=" ">
    <subfield code="a">"The year is 1616. William Shakespeare has just died and the world of the London theatres is mourning his loss. 1616 also saw the death of the famous Chinese playwright Tang Xianzu. Four hundred years on and Shakespeare is now an important meeting place for Anglo-Chinese cultural dialogue in the field of drama studies. In June 2014 (the 450th anniversary of Shakespeare's birth), SOAS, The Shakespeare Birthplace Trust and the National Chung Cheng University of Taiwan gathered 20 scholars together to reflect on the theatrical practice of four hundred years ago and to ask: what does such an exploration mean culturally for us today? This ground-breaking study offers fresh insights into the respective theatrical worlds of Shakespeare and Tang Xianzu and asks how the brave new theatres of 1616 may have a vital role to play in the intercultural dialogue of our own time"--</subfield>
  </datafield>
  <datafield tag="650" ind1=" " ind2="0">
    <subfield code="a">English drama</subfield>
  </datafield>
  <datafield tag="650" ind1=" " ind2="0">
    <subfield code="a">Chinese drama</subfield>
  </datafield>
  <datafield tag="650" ind1=" " ind2="0">
    <subfield code="a">Theater</subfield>
  </datafield>
  <datafield tag="650" ind1=" " ind2="7">
    <subfield code="a">LITERARY CRITICISM / Shakespeare.</subfield>
  </datafield>
  <datafield tag="650" ind1=" " ind2="7">
    <subfield code="a">LITERARY CRITICISM / Asian / Chinese.</subfield>
  </datafield>
  <datafield tag="700" ind1="1" ind2=" ">
    <subfield code="a">Tan, Tian Yuan,</subfield>
  </datafield>
  <datafield tag="700" ind1="1" ind2=" ">
    <subfield code="a">Edmondson, Paul,</subfield>
  </datafield>
  <datafield tag="700" ind1="1" ind2=" ">
    <subfield code="a">Wang, Shih-pe,</subfield>
  </datafield>
  <datafield tag="942" ind1=" " ind2=" ">
    <subfield code="c">AEDBB</subfield>
  </datafield>
  <datafield tag="999" ind1=" " ind2=" ">
    <subfield code="c">18987</subfield>
    <subfield code="d">18987</subfield>
  </datafield>
  <datafield tag="952" ind1=" " ind2=" ">
    <subfield code="0">0</subfield>
    <subfield code="1">0</subfield>
    <subfield code="4">0</subfield>
    <subfield code="6">822_000000000000000_DEV_1995_C157_OR</subfield>
    <subfield code="7">0</subfield>
    <subfield code="9">83733</subfield>
    <subfield code="a">LBC</subfield>
    <subfield code="b">LBC</subfield>
    <subfield code="c">C157</subfield>
    <subfield code="d">2020-02-19</subfield>
    <subfield code="e">A37884</subfield>
    <subfield code="o">822 DEV 1995 C157 Or.</subfield>
    <subfield code="r">2020-02-19</subfield>
    <subfield code="w">2020-02-19</subfield>
    <subfield code="y">EK</subfield>
  </datafield>
</record>
